The ultimate CSS reference / (Record no. 298043)
[ view plain ]
| 000 -LEADER | |
|---|---|
| fixed length control field | 00804nam a22001937a 4500 |
| 003 - CONTROL NUMBER IDENTIFIER | |
| control field | SISC |
| 005 - DATE AND TIME OF LATEST TRANSACTION | |
| control field | 20160728093232.0 |
| 008 - FIXED-LENGTH DATA ELEMENTS--GENERAL INFORMATION | |
| fixed length control field | 160725b xxu||||| |||| 00| 0 eng d |
| 020 ## - INTERNATIONAL STANDARD BOOK NUMBER | |
| International Standard Book Number | 978098028 |
| 050 ## - LIBRARY OF CONGRESS CALL NUMBER | |
| Classification number | TK 5105.888 Ol52 2008 |
| 100 ## - MAIN ENTRY--PERSONAL NAME | |
| Personal name | Olsson, Tommy |
| 245 ## - TITLE STATEMENT | |
| Title | The ultimate CSS reference / |
| Statement of responsibility, etc | Tommy Olsson & Paul O'Brien. |
| 250 ## - EDITION STATEMENT | |
| Edition statement | 1st ed. |
| 260 ## - PUBLICATION, DISTRIBUTION, ETC. (IMPRINT) | |
| Place of publication, distribution, etc | Collingwood, Vic. : |
| Name of publisher, distributor, etc | Sitepoint, |
| Date of publication, distribution, etc | c2008. |
| 300 ## - PHYSICAL DESCRIPTION | |
| Extent | xiv, 420 p. : |
| Other physical details | col. ill. ; |
| Dimensions | 24 cm. |
| 520 ## - SUMMARY, ETC. | |
| Summary, etc | A first reference book will be simultaneously released online and in print in order to get publicity, user buy-in, and interaction. A well thought out presentation and organization of the book will ensure that the information is as quick to access, and easy to scan. |
| 700 ## - ADDED ENTRY--PERSONAL NAME | |
| Personal name | O'Brien, Paul. |
| 942 ## - ADDED ENTRY ELEMENTS (KOHA) | |
| Source of classification or shelving scheme | Library of Congress Classification |
| Koha item type | Books |
| Withdrawn status | Lost status | Source of classification or shelving scheme | Damaged status | Home library | Current library | Shelving location | Date acquired | Source of acquisition | Total Checkouts | Full call number | Barcode | Date last seen | Price effective from | Koha item type |
|---|---|---|---|---|---|---|---|---|---|---|---|---|---|---|
| Library of Congress Classification | Luxembourg Library | Luxembourg Library | Teachers Reference Section | 07/25/2016 | Library Fund | TK 5105.888 Ol52 2008 | 20298 | 08/26/2016 | 07/25/2016 | Books |